| 000 | 00850cam a22002771 4500 | ||
|---|---|---|---|
| 001 | sa 65008586 | ||
| 003 | DLC | ||
| 005 | 20260227112155.0 | ||
| 008 | 890724s1962 pk d 000 0 urdr | ||
| 010 | _asa 65008586 | ||
| 035 | _a(OCoLC)20061389 | ||
| 040 |
_aDLC _cWaU _dOCoLC _dDLC |
||
| 041 | 0 | _aurdeng | |
| 042 | _apremarc | ||
| 050 | 0 | 0 |
_aB48.U7 _bK3 |
| 110 | 2 |
_aUniversity of Karachi. _bBureau of Composition, Compilation and Translation. |
|
| 245 | 1 | 0 | _aFarhang-i iṣt̤ilāḥāt-i falsafah. |
| 260 | _c[1962] | ||
| 300 |
_a5, 110 p. _c23 cm. |
||
| 500 | _aCover title: A dictionary of philosophical terms. | ||
| 500 | _aEnglish and Urdu. | ||
| 500 | _aText partially vocalized. | ||
| 650 | 0 |
_aPhilosophy _xDictionaries _xUrdu. |
|
| 650 | 0 |
_aEnglish language _xDictionaries _xUrdu. |
|
| 740 | 0 | _aDictionary of philosophical terms. | |
| 999 |
_c65711 _d65711 |
||